• 首页
  • 本馆介绍
  • 公告通知
  • 最新文献
  • 馆藏检索
  • 电子资源
  • 读者荐购
  • 参考咨询
  • CALIS
  • 我的图书馆
  • 登录
  • 详细信息显示
  • 放入我的书架
  • 预约/预借图书
  • 作者相关作品
  • 分类相关作品
  • 丛书相关作品
  • 出版社相关作品

书目信息

  • 表格格式
  • 工作单格式
  • 卡片格式
题名:
灾难求生
    
 
作者: 加尼斯·韦尔 著 ;斯派克·韦德曼 绘
分册: 1   十二级
出版信息: 北京   外语教学与研究出版社  2021.10
页数: 31页
开本: 20cm
丛书名:
单 册:
中图分类: H319.4
科图分类:
主题词: 英语
电子资源:
ISBN: 978-7-5213-3024-3
 
 
 
 
 
000 00875nam0 2200253 450
001 2635102449
005 20260626094638.87
010    @a978-7-5213-3024-3
100    @a20260625d2021 km y0chiy0120 ea
101 0  @achi
102    @aCN@b110000
200 1  @a灾难求生@AZai Nan Qiu Sheng@e大猫英语分级阅读@h1@i十二级@f(英)加尼斯·韦尔著;(英)斯派克·韦德曼绘@F(Ying)Jia Ni Si·Wei Er Zhu;(Ying)Si Pai Ke·Wei De Man Hui
210    @a北京@c外语教学与研究出版社@d2021.10
215    @a31页@d20cm
300    @a适合初中一、二年级
503    @n河南城建学院图书馆
517 1  @a大猫英语分级阅读@ADa Mao Ying Yu Fen Ji Yue Du
517 1  @a十二级@AShi Er Ji
606 0  @a英语
690    @aH319.4@v4
701  0 @a加尼斯·韦尔@AJia Ni Si·Wei Er@4著
702  0 @a斯派克·韦德曼@ASi Pai Ke·Wei De Man@4绘
801  0 @aCN@b河南城建学院图书馆@c20260625
905    @dH319.4@eJ2102:12:1
    
    灾难求生:大猫英语分级阅读.1.十二级/(英)加尼斯·韦尔著;(英)斯派克·韦德曼绘.-北京:外语教学与研究出版社,2021.10
    31页;20cm
    适合初中一、二年级
    
    ISBN 978-7-5213-3024-3:
    
●
相关链接 在E读中查询图书 在当当中查询图书 在豆瓣中查询图书


正题名:灾难求生     索取号:H319.4/J2102:12:1         预约/预借

序号 登录号 条形码 馆藏地/架位号 状态 备注
1 1557259   215572592   外国语学院资料室/ [索取号:H319.4/J2102:12:1] 在馆    
河南城建学院图书馆 欢迎您!
大连网信软件有限公司© 版权所有